00838nam a2200157Ia 4500008004100000020001800041050001800059100002200077245010000099260002100199300002200220500011100242505026200353650002100615700004400636121028s9999 xx 000 0 und d a968-26-1138-5 aHD31 G36 1994 aGANNON, Martin J. aAdministración : por resultados / Martin J. Gannon ; traducción de Alberto García Mendoza aMéxico : CECSA axxvii, 685 pág. aBibliografía recomendada por tema Traducción de la obra en inglés: Management: management for result aPrefasio I. Evolución del campo de la administración 1. Contrastes de perfiles del trabajo administrativo 2. Perspectiva de la administración II. Planeación y toma de decisiones 3. Toma de decisiones en los niveles gerenciales y de grupo 4. El proce aAdministración aGarcía Mendoza, Alberto, tr. II.t.Ì